Don't 'Dis' Me Quiz Stats

Quiz Updated Feb 9, 2016

Also try: 'Arc' Words
Challenge
Share
Tweet
Embed
Score 0/25 Timer 06:00
3 Plays Today
% Correct
Disguise
93.5%
Distance
93%
Disappoint
92.7%
Disaster
92.3%
Disc
92.1%
Discharge
91.3%
Disturb
91.1%
District
90.1%
Dish
89.8%
Discard
89.8%
Disclose
89.7%
Discipline
89.4%
Dismember
89.3%
% Correct
Disciple
88.2%
Distill
87.9%
Dissuade
87.5%
Disable
85.5%
Distribution
84.1%
Distinct
83.9%
Disease
83.9%
Dislike
80.9%
Distemper
80.6%
Disparage
78.7%
Dissent
75.9%
Disseminate
71.7%

You're not logged in!

Compare scores with friends on all Sporcle quizzes.
Join for Free
OR
Log In

You Might Also Like...

Show Comments

Extras

Top Quizzes Today


Score Distribution

Your Account Isn't Verified!

In order to create a playlist on Sporcle, you need to verify the email address you used during registration. Go to your Sporcle Settings to finish the process.

Report this User

Report this user for behavior that violates our Community Guidelines.

Details: